Antología poética universitaria regional
Salvato in:
| Ente Autore: | |
|---|---|
| Natura: | Libro |
| Lingua: | spagnolo |
| Pubblicazione: |
Valparaíso
Universidad Católica de Valparaíso
2001
|
| Soggetti: | |
| Tags: |
Aggiungi Tag
Nessun Tag, puoi essere il primo ad aggiungerne!!
|
MARC
| LEADER | 00000nam a2200000 a 4500 | ||
|---|---|---|---|
| 001 | UCM5333 | ||
| 003 | CL-VaPUC | ||
| 008 | 021003e20010000CL |||||||||||||||||spa|d | ||
| 082 | 0 | 4 | |a Ch861 |b CEN |2 21 |
| 110 | 2 | |a Centro de Alumnos de Castellano, Universidad Católica de Valparaíso |e author |9 471590 | |
| 245 | 1 | 0 | |a Antología poética universitaria regional |
| 300 | |a 84 p | ||
| 942 | |c BK | ||
| 945 | |d 20021003 00:00:00 |a cmena | ||
| 260 | |a Valparaíso |b Universidad Católica de Valparaíso |c 2001 | ||
| 650 | 7 | |a POESIA CHILENA - ANTOLOGIAS |2 CL-VaPUC |9 471591 | |
| 650 | 0 | |a Literatura chilena |9 308278 | |
| 583 | |a last modification |c 20021003 00:00:00 |k Rodrigo Vera | ||
| 999 | |c 301463 |d 301461 | ||
| 952 | |0 0 |1 0 |4 0 |6 CH_861_000000000000000_CEN_2001 |7 0 |8 A |9 360451 |a BIBEDU |b BIBEDU |d 2019-11-21 |i 3842487 |o Ch861 CEN 2001 |p 3842487 |r 2019-11-21 |w 2019-11-21 |y BK |k LIT | ||
| 952 | |0 0 |1 0 |4 0 |6 CH_861_000000000000000_CEN_2001 |7 0 |8 A |9 360452 |a BIBEDU |b BIBEDU |d 2019-11-21 |i 3842460 |o Ch861 CEN 2001 |p 3842460 |r 2019-11-21 |w 2019-11-21 |y BK |k LIT | ||
| 952 | |0 0 |1 0 |4 0 |6 CH_861_000000000000000_CEN_2001 |7 0 |8 A |9 360453 |a BIBEDU |b BIBEDU |d 2019-11-21 |i 3842479 |o Ch861 CEN 2001 |p 3842479 |r 2019-11-21 |w 2019-11-21 |y BK |k LIT | ||